| 000 | 00428nam a2200181Ia 4500 | ||
|---|---|---|---|
| 001 | 19292 | ||
| 005 | 20260306172642.0 | ||
| 008 | 260306t2000||||xx |||||||||||||| ||spa|| | ||
| 041 | _aESP | ||
| 082 |
_a658.83 _bH24 |
||
| 100 |
_aHatton, Angela _eAUT |
||
| 245 | 0 | _aLa guía definitiva del plan de marketing | |
| 260 | _c2000 | ||
| 300 |
_a273 páginas : _c |
||
| 650 | _aGEN | ||
| 654 | _aCAN | ||
| 942 |
_cLIB _dJUS _fJUS _2ddc _n |
||
| 999 |
_c19292 _d19292 |
||